|
|
|
|
| LEADER |
00000cam a2200000 i 4500 |
| 001 |
1/12739 |
| 008 |
001017s1997 gr | ||| |||| ||gre|| |
| 035 |
|
|
|l 10064317
|
| 040 |
|
|
|a GR-MY-UA
|b gre
|e aacr
|
| 041 |
0 |
|
|a gre
|
| 082 |
0 |
|
|a 759.9495
|
| 100 |
0 |
|
|a Παπαζαχαρίου, Ε.
|
| 245 |
1 |
2 |
|a Ο άλλος Θεόφιλος :
|b αντι-βιογραφία /
|c Ε. Παπαζαχαρίου
|
| 260 |
|
|
|a Αθήνα :
|b Κάκτος,
|c c1997
|
| 300 |
|
|
|a 259 p.
|
| 504 |
|
|
|a Περιέχει βιβλιογραφία
|
| 600 |
0 |
0 |
|a Θεόφιλος,
|d π. 1871-1934.
|
| 650 |
0 |
0 |
|a Painters
|z Greece
|x Biography.
|
| 852 |
|
|
|a INST
|b LESVOS
|e 20001017
|h 759.9495 ΠΑΠ
|p 005100025430
|q 005100025430
|t BK
|y 0
|
| 901 |
|
|
|a BIBL1-2000-3
|
| 909 |
|
|
|a Λ
|b 081155
|
| 922 |
|
|
|a 1ΕΛΗ
|b 200010
|c ΤΑΚ/ΠΤΕ
|d ΠΑΠΑΣΩΤΗΡΙΟΥ
|
| 950 |
|
|
|a 185-2000-07-07
|
| 970 |
|
|
|a ΜΟΥΣΤΑΚΑ
|b ΠΗΝΕΛΟΠΗ
|z 2000/11/02
|